Word Ladder: Honey Bunny Quiz Stats

 Plays Quiz Updated Jun 22, 2015

Challenge
Share
Tweet
Embed
Score 0/24 Timer 03:00
1 Play Today
Hint 4-Letter Word % Correct
An infant• BABY •
99.1%
A movie about a talking pig• BABE •
97.8%
Actor Christian of 'Batman Begins'BALE
96.2%
DifficultHARD
94.3%
Zero, in tennis• LOVE •
94.2%
Breathe like a dog on a hot dayPANT
93.7%
Glove locationHAND
93%
Not pre-recordedLIVE
92.9%
DesireWANT
92.4%
Actor Brad of 'Moneyball'PITT
92.3%
Hermione Granger's weaponWAND
92.1%
A collection of animalsHERD
89.4%
Hint 4-Letter Word % Correct
Out of juice, like a batteryDEAD
89.2%
Part in a movieROLE
86.7%
Opening word in many letters• DEAR •
86.7%
A unit of 4 gillsPINT
86.7%
A title of ownershipDEED
84.9%
Low calorieLITE
82.6%
Wander aroundROVE
82.6%
An abnormal breathing soundRALE
81.6%
A locationSITE
81.5%
Opponent of a JediSITH
80.9%
FollowHEED
80.3%
Core spongy tissue in plantsPITH
77.4%

Today's Daily Dose

Missing Word
TV HA - HZ

Word Ladder
Nordic Capital

On This Day
January 19th II

You're not logged in!

Compare scores with friends on all Sporcle quizzes.
OR
Log In

You Might Also Like...

Show Comments

Extras

Top Quizzes Today


Score Distribution

Your Account Isn't Verified!

In order to create a playlist on Sporcle, you need to verify the email address you used during registration. Go to your Sporcle Settings to finish the process.

Report this User

Report this user for behavior that violates our Community Guidelines.

Details: